000 00412nam a2200157Ia 4500
008 230312s9999||||xx |||||||||||||| ||und||
020 _a81-317-6278-3
082 _a621.38411
_bNAI-T
100 _aNair;B.Somanathan
245 0 _aTransmission Lines & Wave Guides
260 _bSanguine
_aIndia
_c2007
300 _a351
546 _aEng.
650 _aEngineering
_vTransmission Lines & Wave Guides
942 _cBK
999 _c7608
_d7608